All lyrics to This is our Story (Shrek - the musical) - Statistics

General Stats
  • This quiz has been taken 54 times
  • The average score is 185 of 215
Answer Stats
Lyric % Correct
a
100%
all
100%
am,
100%
am
100%
as
100%
at
100%
book,
100%
by
100%
even
100%
glory.
100%
hear
100%
I
100%
is
100%
jokes
100%
life,
100%
look,
100%
love
100%
me
100%
my
100%
story.
100%
story
100%
take
100%
the
100%
This
100%
though
100%
waited
100%
an
94%
be
94%
classy.
94%
contradictions
94%
don't
94%
dress.
94%
fatty.
94%
here
94%
I'm
94%
in
94%
it
94%
laugh
94%
lived
94%
make
94%
mind
94%
not
94%
princess,
94%
rude,
94%
standing
94%
that
94%
that's
94%
they're
94%
to
94%
We
94%
we
94%
You
94%
you
94%
you.
94%
and
89%
crude,
89%
hairy.
89%
happy.
89%
know
89%
mess
89%
now
89%
of
89%
ogres,
89%
our
89%
pair,
89%
perfect
89%
radiant
89%
so
89%
them,
89%
them.
89%
told.
89%
will
89%
write
89%
are
83%
bold
83%
brand
83%
much
83%
new
83%
scary,
83%
stories
83%
tell
83%
too
83%
us
83%
when
83%
with
83%
bratty,
78%
donkeys,
78%
gassy.
78%
have
78%
smell
78%
sweetness,
78%
sassy,
72%
Aries.
67%
witches,
67%
fairies,
61%
makes
61%
sappy,
61%
special,
61%
special
61%
strong.
61%
What
61%
what
61%
bad
50%
habits.
50%
hobbits
50%
puppets,
44%
We're
44%
try.
39%
united,
39%
crazy
33%
different
33%
giant
33%
rabbits,
33%
stew.
33%
but
28%
delighted
22%
sampler
22%
wierdos,
22%
screwy
17%
No matching quizzes found
Score Distribution
Percent of People with Each Score
Percentile by Number Answered
Your Score History
You have not taken this quiz